[Event "Norte e Nordeste-ch U2000"]
[Site "Fortaleza"]
[Date "2022.04.16"]
[Round "4"]
[White "Lima, Alan Elkinson Lopes"]
[Black "Goncalves, Mateus"]
[Result "1-0"]
[WhiteElo "1906"]
[BlackElo "1853"]
[PlyCount "105"]
[EventDate "2022.04.15"]
[EventType "swiss"]
[EventRounds "6"]
[EventCountry "BRA"]
[SourceTitle "EXT 2023"]
[Source "ChessBase"]
[SourceDate "2022.10.05"]
[SourceVersion "1"]
[SourceVersionDate "2022.10.05"]
[SourceQuality "1"]

1. d4 Nf6 2. Nf3 g6 3. c4 d5 4. cxd5 Nxd5 5. e4 Nb6 6. h3 Bg7 7. Nc3 0-0 8. Be2 Nc6 9. Be3 e5 10. d5 Na5 11. 0-0 Nac4 12. Bg5 Qe8 13. Qb3 Nd6 14. Rac1 Bd7 15. Rfd1 a5 16. Be3 Nbc8 17. a4 b6 18. Nb5 Nxb5 19. Bxb5 Bxb5 20. Qxb5 Qxb5 21. axb5 Ra7 22. Rc6 Rd8 23. Rdc1 Rd7 24. Nd2 Nd6 25. Nc4 Nxc4 26. R1xc4 Bf8 27. Ra4 Bb4 28. Rc4 Rb7 29. Bh6 f6 30. Be3 Rb8 31. Ra1 Re8 32. f3 Kg7 33. Kf2 h5 34. h4 f5 35. Ke2 Be7 36. g3 Rf8 37. Rf1 Bb4 38. Rcc1 Rdf7 39. b3 Ba3 40. Ra1 Bb4 41. Rac1 Bd6 42. Bg1 f4 43. Bh2 Bc5 44. gxf4 exf4 45. Bg1 Ba3 46. Bd4+ Kh6 47. Rc6 Kh7 48. Rg1 Rg8 49. Ra1 Bb4 50. Rac1 Bd6 51. Bxb6 cxb6 52. Rxd6 a4 53. bxa4 1-0

[Event "Norte e Nordeste-ch U2000"]
[Site "Fortaleza"]
[Date "2022.04.15"]
[Round "2"]
[White "Lima, Alan Elkinson Lopes"]
[Black "Da Silva, Francisco Iran Sant"]
[Result "1/2-1/2"]
[WhiteElo "1906"]
[BlackElo "1825"]
[PlyCount "27"]
[EventDate "2022.04.15"]
[EventType "swiss"]
[EventRounds "6"]
[EventCountry "BRA"]
[SourceTitle "EXT 2023"]
[Source "ChessBase"]
[SourceDate "2022.10.05"]
[SourceVersion "1"]
[SourceVersionDate "2022.10.05"]
[SourceQuality "1"]

1. d4 e6 2. c4 Bb4+ 3. Bd2 c5 4. Nf3 Nf6 5. Nc3 cxd4 6. Nxd4 Nc6 7. Nxc6 dxc6 8. a3 Bd6 9. g3 0-0 10. Bg2 e5 11. 0-0 Be6 12. b3 h6 13. Qc2 Qc7 14. Ne4 1/2-1/2

[Event "Fortaleza Saboya op"]
[Site "Fortaleza"]
[Date "2022.03.19"]
[Round "4"]
[White "Da Costa, Roberto Rodrigues G"]
[Black "Lima, Alan Elkinson Lopes"]
[Result "0-1"]
[WhiteElo "1957"]
[BlackElo "1962"]
[PlyCount "98"]
[EventDate "2022.03.17"]
[EventType "swiss"]
[EventRounds "6"]
[EventCountry "BRA"]
[SourceTitle "EXT 2023"]
[Source "ChessBase"]
[SourceDate "2022.10.05"]
[SourceVersion "1"]
[SourceVersionDate "2022.10.05"]
[SourceQuality "1"]

1. e4 e6 2. d4 d5 3. Nc3 Nf6 4. Bg5 dxe4 5. Nxe4 Be7 6. Nxf6+ Bxf6 7. Bxf6 Qxf6 8. Nf3 0-0 9. Bd3 c5 10. 0-0 Nc6 11. c3 cxd4 12. cxd4 Rd8 13. Qb3 Nxd4 14. Nxd4 Rxd4 15. Rad1 b6 16. Qc3 e5 17. Qc7 Be6 18. Ba6 Qd8 19. Qc2 Qd6 20. Rxd4 exd4 21. Rd1 Rd8 22. Bd3 g6 23. Qa4 a5 24. h3 Qe5 25. Qc6 Qc5 26. Rc1 Qb4 27. a3 Qb3 28. Bc4 Bxc4 29. Qxc4 Qxc4 30. Rxc4 Kg7 31. Kf1 Rd6 32. Ke2 Kf6 33. Kd3 Ke5 34. g3 g5 35. b4 f5 36. bxa5 bxa5 37. Rc5+ Rd5 38. f4+ gxf4 39. gxf4+ Kd6 40. Rc8 Rb5 41. Kxd4 Rb3 42. Rc3 Rxc3 43. Kxc3 Kc5 44. h4 h6 45. h5 Kd5 46. Kd3 a4 47. Ke3 Kc4 48. Ke2 Kd4 49. Kf3 Kd3 0-1

[Event "Fortaleza Cearense-ch"]
[Site "Fortaleza"]
[Date "2021.??.??"]
[Round "3"]
[White "Pinheiro, Iung Alicio"]
[Black "Lima, Alan Elkinson Lopes"]
[Result "1-0"]
[WhiteElo "2320"]
[BlackElo "1906"]
[PlyCount "67"]
[EventDate "2021.11.12"]
[EventType "swiss"]
[EventRounds "7"]
[EventCountry "BRA"]
[SourceTitle "CBM 205 Extra"]
[Source "ChessBase"]
[SourceDate "2022.01.31"]
[SourceVersion "1"]
[SourceVersionDate "2022.01.31"]
[SourceQuality "1"]

1. Nf3 Nf6 2. c4 d6 3. Nc3 g6 4. d4 Bg7 5. e4 0-0 6. h3 Na6 7. Bg5 Qe8 8. Be2 e5 9. d5 Nh5 10. g3 f6 11. Bd2 f5 12. Nh4 Nf6 13. exf5 gxf5 14. g4 e4 15. Nxf5 Bxf5 16. gxf5 Nc5 17. Be3 Qe5 18. Qd2 Qxf5 19. 0-0-0 a6 20. Rhg1 Kh8 21. Rg5 Qd7 22. Rdg1 Bh6 23. h4 Rf7 24. Bd4 Qe7 25. Nd1 e3 26. Nxe3 Nce4 27. Qc2 Nxg5 28. hxg5 Bg7 29. gxf6 Bxf6 30. Nf5 Qd8 31. Nh6 Rf8 32. Qc3 Bxd4 33. Qxd4+ Qf6 34. Rg8+ 1-0

[Event "Cearense-ch"]
[Site "Fortaleza"]
[Date "2019.11.30"]
[Round "8"]
[White "Palacio, Igor Da Paz"]
[Black "Lima, Alan Elkinson Lopes"]
[Result "1/2-1/2"]
[WhiteElo "2160"]
[BlackElo "1928"]
[PlyCount "71"]
[EventDate "2019.11.17"]
[EventType "tourn"]
[EventRounds "9"]
[EventCountry "BRA"]
[SourceTitle "CBM 193 Extra"]
[Source "ChessBase"]
[SourceDate "2020.01.31"]
[SourceVersion "1"]
[SourceVersionDate "2020.01.31"]
[SourceQuality "1"]

1. Nf3 d5 2. c4 Nf6 3. g3 g6 4. Bg2 Bg7 5. cxd5 Nxd5 6. Nc3 0-0 7. 0-0 Nc6 8. d4 Nb6 9. e3 Re8 10. b3 e5 11. Nxe5 Nxe5 12. dxe5 Qxd1 13. Rxd1 Bxe5 14. Bb2 c6 15. Rd2 Bf5 16. Rad1 a5 17. Ne2 Bxb2 18. Rxb2 Rad8 19. Rbd2 Rxd2 20. Rxd2 Be4 21. f3 Bd5 22. e4 Be6 23. Nf4 Bc8 24. g4 h6 25. Kf2 Kf8 26. Bf1 Ke7 27. Ke3 Rd8 28. Rxd8 Kxd8 29. h4 Ke7 30. Kd4 Nd7 31. a3 b6 32. b4 axb4 33. axb4 g5 34. hxg5 hxg5 35. Nh5 f6 36. Be2 1/2-1/2

[Event "Cearense-ch"]
[Site "Fortaleza"]
[Date "2019.11.29"]
[Round "7"]
[White "Lima, Alan Elkinson Lopes"]
[Black "Silveira, Jose Wanderley Maci"]
[Result "1/2-1/2"]
[WhiteElo "1928"]
[BlackElo "1762"]
[PlyCount "44"]
[EventDate "2019.11.17"]
[EventType "tourn"]
[EventRounds "9"]
[EventCountry "BRA"]
[SourceTitle "CBM 193 Extra"]
[Source "ChessBase"]
[SourceDate "2020.01.31"]
[SourceVersion "1"]
[SourceVersionDate "2020.01.31"]
[SourceQuality "1"]

1. Nf3 Nf6 2. d4 d5 3. c4 c6 4. e3 Nbd7 5. Nc3 e6 6. Qc2 a6 7. Bd3 dxc4 8. Bxc4 b5 9. Be2 c5 10. 0-0 Bb7 11. Rd1 Rc8 12. Qd2 Bd6 13. a3 Qe7 14. dxc5 Bxc5 15. b4 Bb6 16. Bb2 0-0 17. Qd6 Qxd6 18. Rxd6 Bc7 19. Rad1 Nb6 20. a4 Nc4 21. Bxc4 bxc4 22. b5 Ba5 1/2-1/2

[Event "Cearense-ch"]
[Site "Fortaleza"]
[Date "2019.11.25"]
[Round "6"]
[White "Da Justa, Saulo Freitas"]
[Black "Lima, Alan Elkinson Lopes"]
[Result "1/2-1/2"]
[WhiteElo "1911"]
[BlackElo "1928"]
[PlyCount "100"]
[EventDate "2019.11.17"]
[EventType "tourn"]
[EventRounds "9"]
[EventCountry "BRA"]
[SourceTitle "CBM 193 Extra"]
[Source "ChessBase"]
[SourceDate "2020.01.31"]
[SourceVersion "1"]
[SourceVersionDate "2020.01.31"]
[SourceQuality "1"]

1. Nf3 Nf6 2. c4 g6 3. g3 d5 4. Bg2 Bg7 5. 0-0 0-0 6. cxd5 Nxd5 7. Nc3 Nc6 8. Nxd5 Qxd5 9. d3 e5 10. Be3 Qd8 11. Qa4 Nd4 12. Nxd4 exd4 13. Bf4 c6 14. b4 Re8 15. Rfe1 Qb6 16. Rab1 Bg4 17. Rb2 Bf8 18. Qa5 Bf5 19. Kf1 Re7 20. Bg5 Rd7 21. a4 h5 22. Bd2 h4 23. gxh4 Bd6 24. h3 Qd8 25. Qxd8+ Raxd8 26. a5 a6 27. Rc2 Be7 28. Bg5 f6 29. Bd2 Be6 30. Rb1 Bd5 31. Be4 Bxe4 32. dxe4 d3 33. Rcb2 Rd4 34. exd3 Rxd3 35. Be3 Kf7 36. Ke2 Ke6 37. f3 Ra3 38. Rd2 Rxd2+ 39. Bxd2 Ra2 40. Kd3 Ra3+ 41. Ke2 Ra2 42. f4 Bd6 43. f5+ gxf5 44. exf5+ Kxf5 45. Rf1+ Kg6 46. Kd3 Ra3+ 47. Kc4 Rxh3 48. Be1 Kf7 49. Rf5 Ke6 50. Rh5 Re3 1/2-1/2

[Event "Fortaleza Cearense zt"]
[Site "Fortaleza"]
[Date "2019.09.28"]
[Round "4"]
[White "Correia, Aristoteles de Jesu"]
[Black "Lima, Alan Elkinson Lopes"]
[Result "0-1"]
[WhiteElo "1682"]
[BlackElo "1943"]
[PlyCount "84"]
[EventDate "2019.09.26"]
[EventType "swiss"]
[EventRounds "6"]
[EventCountry "BRA"]
[SourceTitle "EXT 2020"]
[Source "ChessBase"]
[SourceDate "2019.10.17"]
[SourceVersion "1"]
[SourceVersionDate "2019.10.17"]
[SourceQuality "1"]

1. d4 Nf6 2. c4 e6 3. g3 Bb4+ 4. Bd2 Qe7 5. Bg2 Nc6 6. Nf3 Bxd2+ 7. Nbxd2 d6 8. 0-0 a5 9. e4 e5 10. d5 Nb8 11. a4 Na6 12. Re1 Nc5 13. Qb1 0-0 14. Ra3 Bd7 15. Qa2 b6 16. Bf1 Ne8 17. b3 g6 18. Nh4 Ng7 19. Re3 f5 20. exf5 g5 21. Nhf3 Nxf5 22. Re2 Qf6 23. Bg2 g4 24. Ne1 Nd4 25. Ne4 Nxe2+ 26. Qxe2 Nxe4 27. Bxe4 Bf5 28. Bxf5 Qxf5 29. Ng2 Qb1+ 30. Ne1 h5 31. Qd2 Qg6 32. Ra2 Rf6 33. Nd3 Raf8 34. b4 axb4 35. Rb2 Rf3 36. Rb3 e4 37. Nf4 R8xf4 38. Rxf3 Rxf3 39. Qxb4 Qf6 40. Qe1 Ra3 41. Qxe4 Ra1+ 42. Kg2 Qf3+ 0-1

[Event "Norte Nordeste-ch Amateur U2200"]
[Site "Fortaleza"]
[Date "2019.04.26"]
[Round "2"]
[White "Lima, Helio Viana Correia"]
[Black "Lima, Alan Elkinson Lopes"]
[Result "1/2-1/2"]
[WhiteElo "1889"]
[BlackElo "1985"]
[PlyCount "116"]
[EventDate "2019.04.26"]
[EventType "swiss"]
[EventRounds "6"]
[EventCountry "BRA"]
[SourceTitle "EXT 2020"]
[Source "ChessBase"]
[SourceDate "2019.10.17"]
[SourceVersion "1"]
[SourceVersionDate "2019.10.17"]
[SourceQuality "1"]

1. d4 Nf6 2. Bf4 g6 3. Nc3 d5 4. e3 Bg7 5. h4 h5 6. Nf3 c5 7. Nb5 Na6 8. a4 0-0 9. Be2 Bf5 10. c3 c4 11. Ne5 Nd7 12. g4 hxg4 13. Bxg4 Bxg4 14. Nxg4 Nf6 15. Nxf6+ Bxf6 16. h5 Qd7 17. Rg1 Qf5 18. hxg6 fxg6 19. Qf3 Kf7 20. 0-0-0 Rh8 21. Qg2 Rag8 22. Be5 Rh5 23. Qxd5+ Kf8 24. Qxb7 Nc5 25. Qa8+ Kf7 26. Qd5+ Ne6 27. e4 Qh3 28. Rg3 Bxe5 29. dxe5 Qh4 30. Nc7 Qf4+ 31. Kb1 Rxe5 32. Qxc4 Rxe4 33. Nxe6 Rxc4 34. Nxf4 Rxf4 35. Rd7 Rxa4 36. Re3 Re8 37. Kc2 a5 38. Ra7 Rf4 39. f3 a4 40. Kb1 Kf6 41. Ka2 e6 42. Ra6 Kf5 43. Ka3 g5 44. Rxa4 e5 45. Ra5 g4 46. fxg4+ Rxg4 47. Ra7 Kf4 48. Re1 e4 49. Rf7+ Ke5 50. b4 Rg3 51. Kb3 e3 52. b5 Ke4 53. b6 Rf3 54. Rd7 Rf6 55. Rd4+ Kf5 56. Rd5+ Ke4 57. Rd4+ Kf5 58. Rd5+ Ke4 1/2-1/2

[Event "Fortaleza Cearense-ch"]
[Site "Fortaleza"]
[Date "2018.12.02"]
[Round "9"]
[White "Lima, Alan Elkinson Lopes"]
[Black "Palacio, Igor Da Paz"]
[Result "0-1"]
[WhiteElo "1968"]
[BlackElo "2093"]
[PlyCount "136"]
[EventDate "2018.11.20"]
[EventType "tourn"]
[EventRounds "9"]
[EventCountry "BRA"]
[SourceTitle "CBM 187 Extra"]
[Source "ChessBase"]
[SourceDate "2018.11.04"]
[SourceVersion "1"]
[SourceVersionDate "2018.11.04"]
[SourceQuality "1"]

1. d4 Nf6 2. c4 g6 3. Nc3 Bg7 4. Nf3 d6 5. Bf4 c6 6. e3 Nbd7 7. Be2 0-0 8. h3 a6 9. 0-0 b5 10. a3 bxc4 11. Bxc4 Rb8 12. Qc2 Nb6 13. Ba2 Nfd5 14. Nxd5 cxd5 15. Rfc1 Bf5 16. Qe2 Ra8 17. Rc3 Qd7 18. Rac1 Rfc8 19. b3 Qb5 20. Rxc8+ Rxc8 21. Rxc8+ Nxc8 22. Qxb5 axb5 23. g4 Bd7 24. Bb1 Nb6 25. Bc2 f6 26. Bg3 e5 27. Kg2 Kf7 28. Bh4 Ke6 29. g5 f5 30. Bg3 Bc6 31. Kf1 f4 32. Bh2 e4 33. Nd2 f3 34. Bf4 Kd7 35. Nb1 Kc7 36. Nc3 Bf8 37. Ke1 Be7 38. Kd2 Bd7 39. h4 Bc6 40. Kd1 Bd8 41. Na2 Kd7 42. Nb4 Nc8 43. Ke1 Ba5 44. Kf1 Bxb4 45. axb4 Ne7 46. Bd1 Bb7 47. Ke1 Nc6 48. Kd2 Nxb4 49. Kc3 Nc6 50. Bg3 b4+ 51. Kd2 Ne7 52. Ke1 Nf5 53. Bc2 Ba6 54. Bd1 Bd3 55. Bh2 Nxh4 56. Kd2 Bb5 57. Ke1 Nf5 58. Bc2 Ng7 59. Bf4 Ne6 60. Kd2 Be2 61. Ke1 Nxf4 62. exf4 Ke6 63. Kd2 Kf5 64. Ke3 Kg4 65. Bb1 Bd1 66. Ba2 Bc2 67. Kd2 Bd3 68. Ke3 Kf5 0-1

[Event "Fortaleza Cearense-ch"]
[Site "Fortaleza"]
[Date "2018.12.01"]
[Round "8"]
[White "Correia, Mario Rui Costa"]
[Black "Lima, Alan Elkinson Lopes"]
[Result "1/2-1/2"]
[WhiteElo "2075"]
[BlackElo "1968"]
[PlyCount "39"]
[EventDate "2018.11.20"]
[EventType "tourn"]
[EventRounds "9"]
[EventCountry "BRA"]
[SourceTitle "CBM 187 Extra"]
[Source "ChessBase"]
[SourceDate "2018.11.04"]
[SourceVersion "1"]
[SourceVersionDate "2018.11.04"]
[SourceQuality "1"]

1. d4 Nf6 2. Nf3 g6 3. Bf4 Bg7 4. e3 d5 5. h3 0-0 6. Be2 c5 7. c3 b6 8. Nbd2 Nbd7 9. 0-0 Bb7 10. Bh2 Ne4 11. Nxe4 dxe4 12. Nd2 e5 13. Nc4 exd4 14. cxd4 cxd4 15. exd4 Nf6 16. Nd6 Bd5 17. Bb5 a6 18. Ba4 Qe7 19. Bb3 Rfd8 20. Nc4 1/2-1/2

[Event "Fortaleza zt CE"]
[Site "Fortaleza"]
[Date "2018.10.14"]
[Round "6.3"]
[White "Lima, Alan Elkinson Lopes"]
[Black "Da Silva, Francisco Iran Sant"]
[Result "1-0"]
[WhiteElo "1953"]
[BlackElo "1854"]
[PlyCount "118"]
[EventDate "2018.10.12"]
[EventType "swiss"]
[EventRounds "6"]
[EventCountry "BRA"]
[SourceTitle "EXT 2022"]
[Source "ChessBase"]
[SourceDate "2021.10.06"]
[SourceVersion "1"]
[SourceVersionDate "2021.10.06"]
[SourceQuality "1"]

1. d4 Nf6 2. c4 e6 3. g3 b6 4. Bg2 d5 5. Nf3 Nbd7 6. Nc3 Bb7 7. Ne5 Be7 8. Qa4 0-0 9. Nc6 Bxc6 10. Qxc6 dxc4 11. Qxa8 Qxa8 12. Bxa8 Rxa8 13. 0-0 c6 14. Bf4 Nd5 15. Rfc1 Nxf4 16. gxf4 Nf6 17. b3 cxb3 18. axb3 c5 19. dxc5 Bxc5 20. e3 Bb4 21. Nb5 a5 22. Rc4 Rd8 23. Rac1 g6 24. Rc8 Rxc8 25. Rxc8+ Kg7 26. Nc3 Nd7 27. Ne4 Nc5 28. Nxc5 Bxc5 29. Kf1 h6 30. Ke2 g5 31. fxg5 hxg5 32. h3 Kg6 33. Kd3 Kf5 34. f3 e5 35. Rc6 f6 36. e4+ Kg6 37. Kc4 Be3 38. Kb5 Kh5 39. Rxf6 Kh4 40. Rf5 Bd4 41. Kc6 Kg3 42. Rxg5+ Kxf3 43. Kd5 b5 44. Rg6 a4 45. bxa4 bxa4 46. h4 a3 47. h5 Be3 48. h6 a2 49. Ra6 Bxh6 50. Rxa2 Bf4 51. Ra6 Kg4 52. Rg6+ Kh5 53. Rg8 Kh6 54. Ke6 Kh5 55. Kf6 Kh4 56. Kf5 Kh3 57. Re8 Kh4 58. Rxe5 Bxe5 59. Kxe5 Kg5 1-0

[Event "Fortaleza zt CE"]
[Site "Fortaleza"]
[Date "2018.10.13"]
[Round "3.1"]
[White "Brandao, Marcius Gomes"]
[Black "Lima, Alan Elkinson Lopes"]
[Result "1/2-1/2"]
[WhiteElo "2076"]
[BlackElo "1953"]
[PlyCount "71"]
[EventDate "2018.10.12"]
[EventType "swiss"]
[EventRounds "6"]
[EventCountry "BRA"]
[SourceTitle "EXT 2022"]
[Source "ChessBase"]
[SourceDate "2021.10.06"]
[SourceVersion "1"]
[SourceVersionDate "2021.10.06"]
[SourceQuality "1"]

1. c4 Nf6 2. Nc3 g6 3. g3 d5 4. cxd5 Nxd5 5. Bg2 Nxc3 6. bxc3 c5 7. Rb1 Nc6 8. Qa4 Qc7 9. Ba3 e5 10. h4 h5 11. Nh3 Be7 12. Ng5 Rb8 13. Ne4 Bf5 14. d3 Bxe4 15. Bxe4 0-0 16. 0-0 Na5 17. Bd5 b6 18. Qe4 Kg7 19. Bb2 f5 20. Qg2 Bf6 21. c4 Rbc8 22. e3 Nc6 23. a3 Ne7 24. e4 f4 25. Rbe1 fxg3 26. fxg3 Nc6 27. Qd2 Nd4 28. Rf2 Be7 29. Ref1 Rxf2 30. Rxf2 Rf8 31. Rxf8 Bxf8 32. Kg2 Qe7 33. Bc1 Kh7 34. Qf2 Bh6 35. Bb2 Kg7 36. Bc3 1/2-1/2

[Event "Fortaleza Correa Cup"]
[Site "Fortaleza"]
[Date "2018.03.04"]
[Round "5"]
[White "Lima, Alan Elkinson Lopes"]
[Black "Lima, Roberto Ferreira Jr"]
[Result "1/2-1/2"]
[WhiteElo "1940"]
[BlackElo "2007"]
[PlyCount "105"]
[EventDate "2018.02.28"]
[EventType "swiss"]
[EventRounds "5"]
[EventCountry "BRA"]
[SourceTitle "EXT 2019"]
[Source "ChessBase"]
[SourceDate "2018.10.10"]
[SourceVersion "1"]
[SourceVersionDate "2018.10.10"]
[SourceQuality "1"]

1. d4 Nf6 2. c4 e6 3. Nc3 Bb4 4. Qc2 c5 5. dxc5 Na6 6. Nf3 0-0 7. a3 Bxc3+ 8. Qxc3 Nxc5 9. Bf4 Nce4 10. Qc2 d5 11. cxd5 exd5 12. e3 Be6 13. Be2 Rc8 14. Qd3 Qb6 15. Rb1 Nc5 16. Qb5 Bf5 17. Qxb6 axb6 18. Rd1 Nb3 19. Nd4 Nxd4 20. Rxd4 Rc1+ 21. Rd1 Rfc8 22. Be5 Rxd1+ 23. Bxd1 Rc1 24. Kd2 Rb1 25. f3 Nd7 26. Bd4 Nc5 27. Re1 Nd3 28. Bc2 Rxe1 29. Bxd3 Bxd3 30. Kxe1 b5 31. Kd2 Bf1 32. g3 f6 33. Kc3 Kf7 34. Kb4 Ke6 35. Kc5 g5 36. Kb6 Be2 37. f4 h5 38. Kxb7 h4 39. fxg5 hxg3 40. hxg3 fxg5 41. Kc6 Bc4 42. Kc5 Kf5 43. Kb4 Ke4 44. Bf6 g4 45. Bg5 Be2 46. b3 d4 47. exd4 Kxd4 48. a4 bxa4 49. bxa4 Kd5 50. Kc3 Kc5 51. Be7+ Kb6 52. Kb4 Ka6 53. a5 1/2-1/2

[Event "Fortaleza Correa Cup"]
[Site "Fortaleza"]
[Date "2018.03.03"]
[Round "4"]
[White "Palacio, Igor Da Paz"]
[Black "Lima, Alan Elkinson Lopes"]
[Result "1/2-1/2"]
[WhiteElo "2103"]
[BlackElo "1940"]
[PlyCount "57"]
[EventDate "2018.02.28"]
[EventType "swiss"]
[EventRounds "5"]
[EventCountry "BRA"]
[SourceTitle "EXT 2019"]
[Source "ChessBase"]
[SourceDate "2018.10.10"]
[SourceVersion "1"]
[SourceVersionDate "2018.10.10"]
[SourceQuality "1"]

1. e4 e6 2. d3 d5 3. Nd2 c5 4. Ngf3 Nc6 5. Be2 g6 6. 0-0 Bg7 7. Re1 Nge7 8. Bf1 b6 9. c3 h6 10. a3 d4 11. Qc2 e5 12. cxd4 cxd4 13. b4 Be6 14. b5 Na5 15. a4 Rc8 16. Qb1 0-0 17. Ba3 Qd7 18. Qb4 Rc7 19. Rec1 Rfc8 20. Be2 f6 21. Rxc7 Rxc7 22. Bd1 Nc8 23. Nb3 Nxb3 24. Bxb3 Bxb3 25. Qxb3+ Qf7 26. Qxf7+ Kxf7 27. Rc1 Rxc1+ 28. Bxc1 h5 29. Ba3 1/2-1/2